000 00480nam a2200169 i 4500
001 27428
003 ES-MaACL
005 20240515063032.0
007 t|
008 030114s1980 sp ||||1| spa d
100 1 _aAyala, Francisco J.,
_d1934-
_924116
245 1 0 _aOrigen y evolución del hombre /
_cFrancisco J. Ayala.
260 _a[Madrid] :
_bAlianza,
_c[1980]
300 _a238 p. ;
_c20 cm.
852 _aES-MaACL
_jL-519
_bR.101056
999 _c27428
_d27428